<?xml version="1.0" encoding="UTF-8"?>
<record
    xmlns:xsi="http://www.w3.org/2001/XMLSchema-instance"
    xsi:schemaLocation="http://www.loc.gov/MARC21/slim http://www.loc.gov/standards/marcxml/schema/MARC21slim.xsd"
    xmlns="http://www.loc.gov/MARC21/slim">

  <leader>00435nam a22001337a 4500</leader>
  <controlfield tag="003">OSt</controlfield>
  <controlfield tag="005">20240320115706.0</controlfield>
  <controlfield tag="008">240320b        |||||||| |||| 00| 0 eng d</controlfield>
  <datafield tag="040" ind1=" " ind2=" ">
    <subfield code="c">Central Library MRSPTU</subfield>
  </datafield>
  <datafield tag="100" ind1=" " ind2=" ">
    <subfield code="a">Dr. Yatish Aggarwal (&#xA21;&#xA3E;. &#xA2F;&#xA24;&#xA40;&#xA38;&#xA3C; &#xA05;&#xA17;&#xA30;&#xA35;&#xA3E;&#xA32;)</subfield>
  </datafield>
  <datafield tag="245" ind1=" " ind2=" ">
    <subfield code="a">300 question related  health (&#xA38;&#xA3F;&#xA39;&#xA24; &#xA38;&#xA70;&#xA2C;&#xA70;&#xA27;&#xA40; 300 &#xA38;&#xA35;&#xA3E;&#xA32;)</subfield>
  </datafield>
  <datafield tag="260" ind1=" " ind2=" ">
    <subfield code="b">Lok Geet Prakashan</subfield>
    <subfield code="c">2006</subfield>
  </datafield>
  <datafield tag="942" ind1=" " ind2=" ">
    <subfield code="2">ddc</subfield>
    <subfield code="c">BK</subfield>
    <subfield code="n">0</subfield>
  </datafield>
  <datafield tag="952" ind1=" " ind2=" ">
    <subfield code="0">0</subfield>
    <subfield code="1">0</subfield>
    <subfield code="2">ddc</subfield>
    <subfield code="4">0</subfield>
    <subfield code="7">0</subfield>
    <subfield code="8">BK</subfield>
    <subfield code="a">MCL</subfield>
    <subfield code="b">MCL</subfield>
    <subfield code="d">2024-03-20</subfield>
    <subfield code="l">2</subfield>
    <subfield code="p">G-67</subfield>
    <subfield code="r">2025-03-11 11:18:48</subfield>
    <subfield code="s">2025-02-17</subfield>
    <subfield code="w">2024-03-20</subfield>
    <subfield code="y">BK</subfield>
  </datafield>
  <datafield tag="999" ind1=" " ind2=" ">
    <subfield code="c">9905</subfield>
    <subfield code="d">9905</subfield>
  </datafield>
</record>
